Geology and ore deposits of the west slope of the Mosquito Range. (Record no. 28806)
[ view plain ]
| 000 -LEADER | |
|---|---|
| fixed length control field | 01164cam a22002891 4500 |
| 001 - CONTROL NUMBER | |
| control field | gs 53000334 |
| 003 - CONTROL NUMBER IDENTIFIER | |
| control field | DLC |
| 005 - DATE AND TIME OF LATEST TRANSACTION | |
| control field | 20260227111401.0 |
| 008 - FIXED-LENGTH DATA ELEMENTS--GENERAL INFORMATION | |
| fixed length control field | 780708s1953 dcuabd b f000 0 eng |
| 010 ## - LIBRARY OF CONGRESS CONTROL NUMBER | |
| LC control number | gs 53000334 |
| 035 ## - SYSTEM CONTROL NUMBER | |
| System control number | (OCoLC)4032368 |
| 040 ## - CATALOGING SOURCE | |
| Original cataloging agency | DLC |
| Transcribing agency | OClU |
| Modifying agency | ISS |
| -- | OCoLC |
| -- | DLC |
| 043 ## - GEOGRAPHIC AREA CODE | |
| Geographic area code | n-us-co |
| 050 00 - LIBRARY OF CONGRESS CALL NUMBER | |
| Classification number | QE75 |
| Item number | .P9 no. 235 |
| 051 ## - LIBRARY OF CONGRESS COPY, ISSUE, OFFPRINT STATEMENT | |
| Classification number | QE92.M63 |
| Item number | B4 |
| 082 ## - DEWEY DECIMAL CLASSIFICATION NUMBER | |
| Classification number | 557.88 |
| 086 0# - GOVERNMENT DOCUMENT CLASSIFICATION NUMBER | |
| Classification number | I 19.16:235 |
| 100 1# - MAIN ENTRY--PERSONAL NAME | |
| Personal name | Behre, Chas. H. |
| Fuller form of name | (Charles H.) |
| 245 10 - TITLE STATEMENT | |
| Title | Geology and ore deposits of the west slope of the Mosquito Range. |
| Remainder of title | Includes the Leadville, Colorado, mining district. |
| Statement of responsibility, etc. | Prepared in cooperation with the Colorado State Geological Survey Board and the Colorado Metal Mining Fund. |
| 260 ## - PUBLICATION, DISTRIBUTION, ETC. | |
| Place of publication, distribution, etc. | Washington, |
| Name of publisher, distributor, etc. | U.S. Govt. Print. Off., |
| Date of publication, distribution, etc. | 1953. |
| 300 ## - PHYSICAL DESCRIPTION | |
| Extent | vii, 176 p. |
| Other physical details | illus., maps (10 fold., 4 col.) diagrs., tables. |
| Dimensions | 29 cm. |
| 410 20 - SERIES STATEMENT/ADDED ENTRY--CORPORATE NAME [OBSOLETE, CAN/MARC], [LOCAL, USA] | |
| Corporate name or jurisdiction name as entry element | Geological Survey (U.S.). |
| Title of a work | Professional paper, |
| Volume number/sequential designation | 235 |
| 500 ## - GENERAL NOTE | |
| General note | Part of illustrative matter in pocket. |
| 504 ## - BIBLIOGRAPHY, ETC. NOTE | |
| Bibliography, etc. note | "Literature cited": p. 169-172. |
| 650 #0 - SUBJECT ADDED ENTRY--TOPICAL TERM | |
| Topical term or geographic name entry element | Geology |
| Geographic subdivision | Colorado |
| -- | Mosquito Range Mining District. |
| 650 #0 - SUBJECT ADDED ENTRY--TOPICAL TERM | |
| Topical term or geographic name entry element | Ore deposits |
| Geographic subdivision | Colorado |
| -- | Mosquito Range Mining District. |
No items available.